[Event "RUS-Cup"]
[Site "Omsk/Perm"]
[Date "1998.??.??"]
[Round "3"]
[White "Akhmadeev, Vadim"]
[Black "Yakovich, Yuri"]
[Result "1/2-1/2"]
[WhiteElo "2445"]
[BlackElo "2570"]

1.e4 c5 2.Nf3 e6 3.d4 cxd4 4.Nxd4 a6 5.Bd3 Nf6 6.O-O d6 7.c4 Bd7 8.Nc3 Nc6
9.Nc2 Ne5 10.Be2 Rc8 11.Ne3 Be7 12.Kh1 O-O 13.f3 Qc7 14.Re1 Qb8 15.a4 Bd8
16.Bf1 Bb6 17.b3 Bc5 18.Nc2 h6 19.Be3 Rfd8 20.Qd2 Be8 21.b4 Bxe3 22.Nxe3 b6
23.Reb1 Qc7 24.Rc1 Rb8 25.Rd1 Rbc8 26.Rac1 Qa7 27.Be2 Nc6 28.Rb1 Qb8 29.b5 axb5
30.axb5 Na5 31.Na4 Qc7 32.Qd4 Rb8 33.Kg1 Nb7 34.Ra1 Nd7 35.Ra3 Ra8 36.Rda1 Ra5
37.Qb2 Rda8 38.Qb4 Kf8 39.Nc2 Ndc5 40.Nc3 Rc8 41.Ne3 Qe7 42.Rxa5 Nxa5 43.Rd1 Qg5
44.Nf1 Qe5 45.Ng3 Ra8 46.Qa3 Ncb7 47.Qb4 Nc5 48.Qa3 Bd7 49.Bf1 Bc8 50.Qc1 g5
51.Qc2 Bb7 52.Nh1 Rc8 53.Nf2 h5 54.Qd2 Ke7 55.Qe3 Qf4 56.Qe1 Nd7 57.Nd3 Qf6
58.Nb2 g4 59.Qd2 Qe5 60.f4 Qc5+ 61.Kh1 Qc7 62.Qe1 Rh8 63.Nca4 h4 64.Kg1 Nc5
65.Nc3 Nd7 66.Nca4 Nc5 67.Nc3 Nab3 68.Qe3 Nd7 69.Nca4 Nbc5 70.Nc3 Nf6 71.e5 dxe5
72.fxe5 Nfe4 73.Nxe4 Nxe4 74.Na4 Qxe5 75.Nxb6  1/2-1/2

[Event "HUN-ch U18"]
[Site "Paks"]
[Date "1998.??.??"]
[Round "3"]
[White "Toth, Andras"]
[Black "Kovacs, Adrian"]
[Result "0-1"]
[WhiteElo "2325"]
[BlackElo "2145"]

1.e4 c5 2.Nf3 e6 3.d4 cxd4 4.Nxd4 a6 5.Bd3 Nf6 6.O-O d6 7.f4 g6 8.Kh1 Bg7
9.c4 O-O 10.Nc3 Nc6 11.Nf3 Bd7 12.f5 Rc8 13.Bf4 Ne8 14.Qd2 Nb4 15.Bb1 a5
16.a3 Na6 17.Bd3 Nc5 18.Bc2 Qb6 19.Rab1 a4 20.Qf2 Qa6 21.Qh4 Qxc4 22.fxg6 fxg6
23.Rfd1 Bc6 24.Rbc1 Qa6 25.Ng5 h6 26.Nf3 g5 27.Bxg5 hxg5 28.Nxg5 Rf6 29.Qh7+ Kf8
30.Qh5 Ke7 31.h3 Bh6 32.Nd5+ Bxd5 33.exd5 Nb3 34.Re1 e5 35.Bxb3 Rxc1 36.Rxc1 axb3
37.Rc8 Qf1+ 38.Kh2 Qf4+ 39.Kh1 Qf1+ 40.Kh2 Qf4+ 41.Kh1 Ng7 42.Rc7+ Kd8 43.Rxg7 Bxg7
44.Ne6+ Rxe6 45.dxe6 Ke7 46.Qh7 Qf6 47.Qg8 Qf8 48.Qh7 Kxe6 49.Qd3 d5 50.Qxb3 Qf1+
51.Kh2 Qf4+ 52.Kh1 Qc1+ 53.Kh2 e4  0-1

[Event "HUN-ch U18"]
[Site "Paks"]
[Date "1998.??.??"]
[Round "9"]
[White "Szakall, Tamas"]
[Black "Kovacs, Adrian"]
[Result "1/2-1/2"]
[WhiteElo "2105"]
[BlackElo "2145"]

1.e4 c5 2.Nf3 e6 3.d4 cxd4 4.Nxd4 a6 5.Bd3 Nf6 6.O-O d6 7.c4 Nbd7 8.Nc3 Be7
9.b3 O-O 10.Bb2 g6 11.Qe2 Re8 12.Rad1 Bf8 13.Kh1 Bg7 14.f4 e5 15.fxe5 Nxe5
16.Bb1 Bg4 17.Nf3 Rc8 18.Qd2 Rc6 19.Ne2 Nh5 20.Ned4 Rc8 21.Qf2 Qe7 22.Ba3 Rcd8
23.h3 Bc8 24.g4 Nf6 25.Rfe1 Nfd7 26.Nxe5 Nxe5 27.Nf3 Qc7 28.Re2 Nxf3 29.Qxf3 b6
30.Red2  1/2-1/2

[Event "Pardubice Czech op"]
[Site "Pardubice"]
[Date "1998.??.??"]
[Round "5"]
[White "Manik, Mikulas"]
[Black "Chernuschevich, Alexei"]
[Result "1/2-1/2"]
[WhiteElo "2460"]
[BlackElo "2435"]

1.e4 c5 2.Nf3 e6 3.d4 cxd4 4.Nxd4 a6 5.Bd3 Qc7 6.O-O Nf6 7.c4 d6 8.b3 g6
9.Bb2 Bg7 10.Nc3 O-O 11.Qe2 Nc6 12.Nxc6 bxc6 13.c5 d5 14.exd5 exd5 15.Na4 Re8
16.Qd2 Bb7 17.Rfe1 Ng4 18.g3 d4 19.Nb6 Rad8 20.Rxe8+ Rxe8 21.Be2 h5 22.Bxg4 hxg4
23.Rd1 Re4 24.Nc4 Qe7 25.Qb4 Re2 26.Kf1 d3 27.Bxg7 Rxf2+  1/2-1/2

[Event "Pardubice Czech op"]
[Site "Pardubice"]
[Date "1998.??.??"]
[Round "7"]
[White "Groszpeter, Attila"]
[Black "Chernuschevich, Alexei"]
[Result "1/2-1/2"]
[WhiteElo "2505"]
[BlackElo "2435"]

1.e4 c5 2.Nf3 e6 3.d4 cxd4 4.Nxd4 a6 5.Bd3 Qc7 6.O-O Nf6 7.Qe2 d6 8.f4 Nbd7
9.Kh1 Nc5 10.Nc3 Be7 11.e5 Nfd7 12.exd6 Qxd6 13.Be3 Nxd3 14.Qxd3 Nc5 15.Qe2 O-O
16.Rad1 Qc7 17.f5 Qe5 18.Qf3 Bd6 19.Qh3 exf5 20.Nxf5 Bxf5 21.Rxf5 Qe7 22.Rxd6 Qxd6
23.Bxc5 Rfe8 24.g3 Qd2 25.Rf1 Qxc2 26.Qg4 Qg6 27.Qd7 Red8 28.Qe7 Re8 29.Qd7 Red8
30.Qe7 Re8 31.Qd7  1/2-1/2

[Event "Pardubice Czech op"]
[Site "Pardubice"]
[Date "1998.??.??"]
[Round "9"]
[White "Agnos, Demetrios"]
[Black "Timoshchenko, Gennadi A"]
[Result "0-1"]
[WhiteElo "2475"]
[BlackElo "2520"]

1.e4 c5 2.Nf3 e6 3.d4 cxd4 4.Nxd4 a6 5.Bd3 Nf6 6.O-O Qc7 7.Qe2 d6 8.c4 g6
9.Nc3 Bg7 10.Rd1 O-O 11.Nf3 Nbd7 12.Bf4 Nh5 13.Bd2 b6 14.Rac1 Bb7 15.b3 Rfe8
16.Bb1 Rac8 17.Be1 Rcd8 18.Nd4 Qb8 19.Qd2 Be5 20.g3 Bg7 21.f3 Nhf6 22.Qf2 d5
23.cxd5 exd5 24.exd5 Ne5 25.h3 Nxd5 26.Nxd5 Rxd5 27.Kf1 Red8 28.f4 Nf3 29.Qxf3 Rxd4
30.Qe2 Re8 31.Qc2 Qd6 32.Bf2 Qd5  0-1

[Event "RUS-ch sf"]
[Site "Pskov"]
[Date "1998.??.??"]
[Round "5"]
[White "Ovetchkin, Roman"]
[Black "Kuzuev, Danil"]
[Result "0-1"]
[WhiteElo "2475"]
[BlackElo "2300"]

1.e4 c5 2.Nf3 e6 3.d4 cxd4 4.Nxd4 a6 5.Bd3 Nf6 6.O-O Qc7 7.f4 Bc5 8.c3 d6
9.Kh1 Nbd7 10.Nb3 b5 11.Qe2 Bb7 12.N1d2 O-O 13.Nf3 Rfe8 14.Bd2 e5 15.fxe5 Nxe5
16.Nxe5 Rxe5 17.Nxc5 Qxc5 18.Be3 Qc7 19.Bd4 Rxe4 20.Bxe4 Nxe4 21.Rf4 Re8
22.Qg4 f6 23.Kg1 Ng5 24.Rf2 Re4 25.Qg3  0-1

[Event "Pula op"]
[Site "Pula"]
[Date "1998.??.??"]
[Round "2"]
[White "Podkriznik, Gregor"]
[Black "Hulak, Krunoslav"]
[Result "0-1"]
[WhiteElo "2330"]
[BlackElo "2515"]

1.e4 c5 2.Nf3 e6 3.d4 cxd4 4.Nxd4 a6 5.Bd3 Nf6 6.O-O d6 7.Qe2 Nbd7 8.c4 b6
9.b3 Bb7 10.Nc3 g6 11.Bb2 Bg7 12.Rad1 O-O 13.Bb1 Qc7 14.f4 Rfe8 15.Nf3 Rad8
16.Kh1 Nh5 17.Ng1 f5 18.exf5 exf5 19.Qd2 Ndf6 20.Nd5 Bxd5 21.cxd5 Ng4 22.Bxg7 Qxg7
23.Rf3 Qe7 24.Bd3 Qh4 25.Nh3 Rd7 26.Bxa6 Rde7 27.Kg1 Re4 28.Bb5 R8e7 29.Rc1 Kg7
30.a4 Qf6 31.Qc3 Qxc3 32.Rcxc3 Nhf6 33.Rc1 Nxd5 34.Rff1 Nde3 35.Rfe1 d5 36.g3 h6
37.Bd3 R4e6 38.Re2 d4 39.b4 Ra7 40.Ra1 Rc6 41.Bb5 Rc3 42.Nf2 Nxf2 43.Kxf2 Rb3
44.Rc1 Rxb4 45.Rd2 Re7 46.Rc6 Rb1 47.Rd6 Rh1 48.R6xd4 Ng4+ 49.Kg2 Rxh2+ 50.Kf1 Rxd2
51.Rxd2 Kf6 52.Kg2 g5 53.fxg5+ hxg5 54.Be2 Ne5 55.Rb2 Re6 56.Rb5 Nd7 57.Bc4 Rc6
58.Bd3 Rc5 59.Rb2 g4 60.Bb5 Ne5 61.Be2 Rc6 62.Rb5 Nd7 63.Rb2 Nc5 64.Rc2 Ke5
65.Bb5 Rc7 66.Rb2 Kd4 67.Rf2 Rf7 68.Rd2+ Ke5 69.Ra2 Ne4 70.Rb2 Rf6 71.Rc2 Rd6
72.Be2 Kd4 73.Bb5 Ke5 74.Be2 Rd2 75.Rxd2 Nxd2 76.Bb5 Ne4 77.Be8 f4 78.gxf4+ Kxf4
79.Bg6 Nd6 80.Bc2 Nf5 81.Bb3 Nh4+ 82.Kg1 Kg3 83.Bd5 Ng6 84.Bc6 Nf4 85.Bd7 Nd3
86.Bc6 Ne5 87.Bd5 Nf3+ 88.Kf1 Ng5 89.Kg1 Nh3+ 90.Kf1 Kh2 91.Bc6 Nf4 92.Bb7 g3
93.Bc6 Ne6 94.Bd5 Nc5 95.Bc6 Nxa4  0-1

[Event "Pula op"]
[Site "Pula"]
[Date "1998.??.??"]
[Round "3"]
[White "Kutuzovic, Branko"]
[Black "Romanishin, Oleg M"]
[Result "0-1"]
[WhiteElo "2425"]
[BlackElo "2570"]

1.e4 c5 2.Nf3 e6 3.d4 cxd4 4.Nxd4 a6 5.Bd3 Nf6 6.O-O e5 7.Nf3 Nc6 8.Bg5 Be7
9.Nc3 d6 10.Bxf6 Bxf6 11.Nd5 O-O 12.c3 Be6 13.Bc4 Rc8 14.Qd3 Na5 15.Bb3 Bg5
16.Rad1 Bh6 17.Qe2 Kh8 18.Bc2 Nc4 19.Bb3 Na5 20.Bc2 Nc4 21.Bb3 b5 22.a4 f5
23.exf5 Bxf5 24.axb5 axb5 25.Bc2 Bxc2 26.Qxc2 Qe8 27.Rfe1 Qf7 28.Re2 Rce8
29.Qe4 Qa7 30.h3 Qa4 31.Rb1 Qb3 32.g3 Rc8 33.Ne7 Rce8 34.Nf5 d5 35.Qg4 d4
36.cxd4 Qd3 37.Nxh6 gxh6 38.Nd2 Nxd2  0-1

[Event "CRO-chT2"]
[Site "Pula"]
[Date "1998.??.??"]
[Round "3"]
[White "Sulc, Damir"]
[Black "Sinanovic, Muhamed"]
[Result "1-0"]
[WhiteElo "2275"]
[BlackElo "2400"]

1.e4 c5 2.Nf3 e6 3.d4 cxd4 4.Nxd4 a6 5.Bd3 Qb6 6.Nb3 Qc7 7.O-O d6 8.c4 Nf6
9.Nc3 Nbd7 10.f4 Be7 11.Be3 b6 12.Rc1 Bb7 13.Kh1 Rc8 14.Qf3 Qb8 15.Qh3 Qa8
16.Nd2 Nc5 17.Bxc5 Rxc5 18.f5 exf5 19.Nd5 fxe4 20.Nxe4 Nxd5 21.Nxc5 bxc5
22.cxd5 Bxd5 23.Rce1 Kd8 24.b4 cxb4 25.Qe3 Bf6 26.Rxf6  1-0

[Event "CRO-chT2"]
[Site "Pula"]
[Date "1998.??.??"]
[Round "4"]
[White "Krstic, Uros"]
[Black "Jurkovic, Hrvoje"]
[Result "1/2-1/2"]
[WhiteElo "2265"]
[BlackElo "2380"]

1.e4 c5 2.Nf3 e6 3.d4 cxd4 4.Nxd4 a6 5.Bd3 Nf6 6.O-O Qc7 7.Kh1 Be7 8.f4 d6
9.Nc3 Nc6 10.Nb3 O-O 11.Qf3 Nb4 12.Bd2 Nxd3 13.cxd3 b5 14.Rac1 Qd7 15.e5 Bb7
16.Qg3 Nh5 17.Qh3 g6 18.Na5 Rac8 19.Nxb7 Qxb7 20.a3 a5 21.Rce1 b4  1/2-1/2

[Event "CRO-chT2"]
[Site "Pula"]
[Date "1998.??.??"]
[Round "6"]
[White "Rade, Miroslav"]
[Black "Damjanovic, Mato"]
[Result "1-0"]
[WhiteElo "2335"]
[BlackElo "2330"]

1.e4 c5 2.Nf3 e6 3.d4 cxd4 4.Nxd4 a6 5.Bd3 Nc6 6.Be3 Nf6 7.O-O Qc7 8.Nxc6 dxc6
9.a4 e5 10.a5 Be6 11.Bb6 Qc8 12.Nd2 Nd7 13.Be3 Bc5 14.Qe2 O-O 15.Bc4 Bxe3
16.Qxe3 Nf6 17.Rfd1 Rb8 18.f3 h6 19.Qc3 Re8 20.Nb3 Qc7 21.Bxe6 Rxe6 22.Qb4 c5
23.Qc4 Rc8 24.Rd3 g6 25.Rad1 Kg7 26.g3 h5 27.h4 Rc6 28.Kg2 Qe7 29.Rg1 Qe8
30.Nd2 Rd8 31.Rxd8 Qxd8 32.Nb3 Qd6 33.Rf1 Ne8 34.Rf2 Nc7 35.c3 Qe7 36.Nd2 g5
37.Nf1 Kg8 38.Ne3 Ne6 39.Qd5 Qf6 40.Nf5 gxh4 41.Nxh4 Kh7 42.Kh2 Kh6  1-0

[Event "Pula op"]
[Site "Pula"]
[Date "1998.??.??"]
[Round "7"]
[White "Palac, Mladen"]
[Black "Delchev, Aleksander"]
[Result "1-0"]
[WhiteElo "2545"]
[BlackElo "2545"]

1.e4 c5 2.Nf3 e6 3.d4 cxd4 4.Nxd4 a6 5.Bd3 Nf6 6.O-O d6 7.c4 Bd7 8.Nc3 Nc6
9.Nxc6 Bxc6 10.Qe2 Be7 11.Rd1 Qa5 12.Bd2 Qh5 13.f3 O-O 14.Be3 Nd7 15.Rac1 Ne5
16.f4 Qxe2 17.Bxe2 Ng6 18.g3 Rfc8 19.a3 a5 20.Kf2 a4 21.Bf3 Nf8 22.h4 Ra5
23.Na2 f5 24.Bd2 Rc5 25.Bb4 fxe4 26.Bxc5 dxc5 27.Bh1 Nd7 28.Nc3 Nf6 29.Re1 e5
30.fxe5 Ng4+ 31.Kg1 Nxe5 32.Bxe4 Bf6 33.Bxc6 Rxc6 34.Re4 Nd3 35.Rc2 Ra6 36.Kg2 Bd4
37.Nb5 Bf6 38.Nc3 Bd4 39.Nb5 Bf6 40.Nc7 Rd6 41.Ne8  1-0

[Event "CRO-chT2"]
[Site "Pula"]
[Date "1998.??.??"]
[Round "7"]
[White "Kuczynski, Robert"]
[Black "Sax, Gyula"]
[Result "1/2-1/2"]
[WhiteElo "2485"]
[BlackElo "2535"]

1.e4 c5 2.Nf3 e6 3.d4 cxd4 4.Nxd4 a6 5.Bd3 Qb6 6.Nb3 Qc7 7.O-O Nf6 8.f4 d6
9.Nc3 Nc6 10.Kh1 b5 11.a3 Be7 12.Bd2 Bb7 13.Qe1 O-O 14.Qg3 b4 15.axb4 Nxb4
16.Na5 d5 17.Nxb7 Qxb7 18.e5 Ne8  1/2-1/2

[Event "Radenci op"]
[Site "Radenci"]
[Date "1998.??.??"]
[Round "?"]
[White "Rezonja, Stefan"]
[Black "Farago, Ivan"]
[Result "0-1"]
[WhiteElo "2195"]
[BlackElo "2475"]

1.e4 c5 2.Nf3 e6 3.d4 cxd4 4.Nxd4 a6 5.Bd3 Nf6 6.O-O Qc7 7.Qe2 d6 8.c4 g6
9.Nc3 Bg7 10.Be3 O-O 11.h3 b6 12.Rac1 Bb7 13.Rfd1 Nbd7 14.Bb1 Rac8 15.b3 Qb8
16.Qd2 Nc5 17.f3 Rfe8 18.Nde2 d5 19.exd5 exd5 20.b4 Ncd7 21.Nxd5 Qe5 22.f4 Qe6
23.Nd4 Qd6 24.Nf5 gxf5 25.Nxf6+ Qxf6 26.Qxd7 Re7 27.Qd2 Rce8 28.Re1 Rxe3
29.Rxe3  0-1

[Event "Regensburg op"]
[Site "Regensburg"]
[Date "1998.??.??"]
[Round "2"]
[White "Gallagher, Joseph G"]
[Black "Eckhardt, Claudia"]
[Result "1-0"]
[WhiteElo "2490"]
[BlackElo "2180"]

1.e4 c5 2.Nf3 e6 3.d4 cxd4 4.Nxd4 a6 5.Bd3 Nf6 6.O-O Qc7 7.Qe2 d6 8.c4 Nbd7
9.f4 b6 10.Nc3 Bb7 11.Kh1 Be7 12.Bd2 O-O 13.Rae1 Rfd8 14.b4 Rac8 15.a3 Nf8
16.Qe3 Ng6 17.f5 exf5 18.Nxf5 Bf8 19.Nd5 Nxd5 20.exd5 b5 21.cxb5 axb5 22.Qd4 Ba6
23.Ne3 Ne5 24.Bf5 Ra8 25.Rc1 Qe7 26.Ng4 Bc8 27.Rc3 Bxf5 28.Rxf5 Re8 29.Nxe5 dxe5
30.Qe4 f6 31.Rf1 Ra6 32.Be3 Qd7 33.Bc5 Bd6 34.Rh3 h6 35.Rxf6 gxf6 36.Qg6+ Kf8
37.Qxf6+ Qf7 38.Bxd6+ Rxd6 39.Qxd6+ Kg8 40.Rf3 Qh7 41.Rg3+ Kf7 42.Qd7+ Re7
43.Rf3+  1-0

[Event "Regensburg op"]
[Site "Regensburg"]
[Date "1998.??.??"]
[Round "4"]
[White "Lau, Ralf"]
[Black "Blum, Gernot"]
[Result "1-0"]
[WhiteElo "2475"]
[BlackElo "2135"]

1.e4 c5 2.Nf3 e6 3.d4 cxd4 4.Nxd4 a6 5.Bd3 Qb6 6.Nb3 Nc6 7.O-O Nf6 8.Nc3 Be7
9.a4 d6 10.Be3 Qc7 11.a5 Bd7 12.Bb6 Qb8 13.f4 Bd8 14.Bf2 O-O 15.Kh1 Nb4 16.Be2 Bc6
17.Bf3 Be7 18.Qe2 d5 19.e5 Nd7 20.Bd4 g6 21.g4 b6 22.f5 Bc5 23.Rae1 Re8 24.fxg6 hxg6
25.Bg2 Be7 26.axb6 Bh4 27.Qf3 Rf8 28.Re2 a5 29.Qf4 Qd8 30.Bf2 Bg5 31.Qg3 Bh6
32.Bd4 Bb7 33.Rff2 Nc6 34.Bc5 Nxc5 35.Nxc5 Qxb6 36.Nd7 Qxb2 37.Re1 Rfc8 38.Rb1 Qa3
39.Rxb7 Nd8 40.Rb3 Qc1+ 41.Bf1 a4 42.Rb5 Rxc3 43.Qxc3 Be3 44.Rf3 d4 45.Qc5 Kh7
46.Qf8  1-0

[Event "Rio de Janeiro op"]
[Site "Rio de Janeiro"]
[Date "1998.??.??"]
[Round "6"]
[White "Dworakowska, Joanna"]
[Black "Ratcu, Tatiana"]
[Result "1-0"]
[WhiteElo "2355"]
[BlackElo "2180"]

1.e4 c5 2.Nf3 e6 3.d4 cxd4 4.Nxd4 a6 5.Bd3 Qc7 6.Nc3 Nf6 7.f4 d6 8.Qf3 b5
9.g4 Bb7 10.g5 Nfd7 11.a3 Nc6 12.Nxc6 Bxc6 13.O-O g6 14.Bd2 Bg7 15.Qe2 O-O
16.h4 Rfe8 17.Rae1 Rab8 18.Nd1 a5 19.b4 axb4 20.axb4 Ra8 21.h5 Ra3 22.Rf3 Nb6
23.Nf2 Nd7 24.hxg6 fxg6 25.Ng4 Qb6+ 26.Kh2 Qc7 27.Rh3 e5 28.Bc4+ bxc4 29.Rxa3 d5
30.exd5 Bxd5 31.Ra5 Qb7 32.Qe3 Rf8 33.fxe5 Rf3  1-0

[Event "Rio de Janeiro"]
[Site "Rio de Janeiro"]
[Date "1998.??.??"]
[Round "7"]
[White "Guimaraes, Wagner Peixoto"]
[Black "Lebredo, Gerardo"]
[Result "0-1"]
[WhiteElo "2260"]
[BlackElo "2330"]

1.e4 c5 2.Nf3 e6 3.d4 cxd4 4.Nxd4 a6 5.Bd3 Nf6 6.O-O d6 7.Kh1 Nbd7 8.f4 b6
9.Nc3 Bb7 10.Qe1 Nc5 11.b3 Be7 12.Bb2 Nxd3 13.cxd3 O-O 14.Rf3 Nd7 15.Rh3 Rc8
16.Nf3 g6 17.Qd2 f5 18.Nd4 Bf6 19.e5 dxe5 20.fxe5 Nxe5 21.Qh6 Rf7 22.Nxe6 Qd6
23.Ng5 Bxg5 24.Qxg5 Nxd3 25.Qd2 Rd7 26.Rf1 Nxb2 27.Qxb2 Qd2 28.Qxd2 Rxd2
29.Rg1 Re8 30.Rf3 Bxf3 31.gxf3 Rc2 32.Nd5 Ree2  0-1

[Event "SWE-ch"]
[Site "Ronneby"]
[Date "1998.??.??"]
[Round "1"]
[White "Ernst, Thomas"]
[Black "Akesson, Ralf"]
[Result "1/2-1/2"]
[WhiteElo "2410"]
[BlackElo "2505"]

1.e4 c5 2.Nf3 e6 3.d4 cxd4 4.Nxd4 a6 5.Bd3 Nf6 6.O-O Qc7 7.Qe2 d6 8.c4 g6
9.Nc3 Bg7 10.Nf3 O-O 11.Rd1 Nc6 12.Bf4 Nd7 13.Rac1 Nde5 14.b3 Bd7 15.Bb1 Rad8
16.h3 Rfe8 17.Qe3 Qb8 18.Bg5 Nxf3+ 19.Qxf3 Rc8 20.Qd3 Bd4 21.Be3 Bxe3 22.fxe3 b5
23.cxb5 Ne5 24.Qxd6 Qxd6 25.Rxd6 axb5 26.Kf2 Kf8 27.Ke1 Ke7 28.Rdd1 b4 29.Ne2 Rxc1
30.Rxc1 Rc8 31.Rxc8  1/2-1/2

[Event "SWE-ch"]
[Site "Ronneby"]
[Date "1998.??.??"]
[Round "5"]
[White "Ernst, Thomas"]
[Black "Hellsten, Johan"]
[Result "1/2-1/2"]
[WhiteElo "2410"]
[BlackElo "2460"]

1.e4 c5 2.Nf3 e6 3.d4 cxd4 4.Nxd4 a6 5.Bd3 d5 6.exd5 Qxd5 7.O-O Nf6 8.Nc3 Qd8
9.Re1 Be7 10.Ne4 O-O 11.c3 Bd7 12.Nxf6+ Bxf6 13.Be4 Nc6 14.Nxc6 Bxc6 15.Bxc6 bxc6
16.Be3 Qd5  1/2-1/2

[Event "SWE-ch"]
[Site "Ronneby"]
[Date "1998.??.??"]
[Round "11"]
[White "Berg, Emanuel"]
[Black "Hellsten, Johan"]
[Result "0-1"]
[WhiteElo "2390"]
[BlackElo "2460"]

1.e4 c5 2.Nf3 e6 3.d4 cxd4 4.Nxd4 a6 5.Bd3 Nf6 6.f4 Bc5 7.Nb3 Ba7 8.Nc3 d6
9.Qf3 Nc6 10.g4 Nd7 11.g5 b5 12.h4 Bb7 13.h5 b4 14.Ne2 Qb6 15.Bd2 O-O-O 16.a3 Nc5
17.Nec1 f5 18.gxf6 gxf6 19.axb4 Nxb4 20.Bxb4 Qxb4+ 21.c3 Nxd3+ 22.Qxd3 Qxe4+
23.Qxe4 Bxe4 24.Rh2 Kb7 25.Re2 f5 26.Na2 Rhg8 27.Kd2 e5 28.Nb4 exf4 29.Rxa6 Bb6
30.Nd4 f3 31.Rf2 Rg2 32.Ke1 Bxd4 33.cxd4 Rxf2 34.Kxf2 Rg8 35.Ke3 Rg2 36.Nd3  0-1

[Event "SWE-ch"]
[Site "Ronneby"]
[Date "1998.??.??"]
[Round "12"]
[White "Ernst, Thomas"]
[Black "Agrest, Evgenij"]
[Result "1/2-1/2"]
[WhiteElo "2410"]
[BlackElo "2525"]

1.e4 c5 2.Nf3 e6 3.d4 cxd4 4.Nxd4 a6 5.Bd3 Bc5 6.Nb3 Be7 7.Qg4 g6 8.f4 d6
9.Nc3 Nd7 10.Be3 Ngf6 11.Qe2 h5 12.O-O-O Qc7 13.Rhf1 b5 14.Bd4 e5  1/2-1/2

[Event "Roskilde op"]
[Site "Roskilde"]
[Date "1998.??.??"]
[Round "2"]
[White "Bromann, Thorbjorn"]
[Black "Grabliauskas, Virginijus"]
[Result "0-1"]
[WhiteElo "2245"]
[BlackElo "2465"]

1.e4 c5 2.Nf3 e6 3.d4 cxd4 4.Nxd4 a6 5.Bd3 Qb6 6.c3 Nc6 7.O-O Nxd4 8.cxd4 Qxd4
9.Nc3 b5 10.Be3 Qe5 11.f4 Qb8 12.Kh1 Bb7 13.Rb1 Nf6 14.b4 Be7 15.a4 O-O 16.Bd4 Bc6
17.e5 Nd5 18.f5 exf5 19.Bxf5 Nxc3 20.Bxc3 Qb7 21.Qg4 g6 22.Rf2 Rab8 23.Rd1 Bd5
24.Rd3 Be6 25.Rh3 Qd5 26.Bxe6 fxe6 27.Rxf8+ Rxf8 28.Kg1 a5 29.Qe2 axb4 30.Rd3 Bc5+  0-1

[Event "ESP-chT"]
[Site "Salamanca"]
[Date "1998.??.??"]
[Round "1"]
[White "Pablo Marin, Alejandro"]
[Black "Ayza Ballester, Jordi"]
[Result "1-0"]
[WhiteElo "2365"]
[BlackElo "2290"]

1.e4 c5 2.Nf3 e6 3.d4 cxd4 4.Nxd4 a6 5.Bd3 Bc5 6.Nb3 Ba7 7.Qe2 e5 8.Nc3 d6
9.Be3 Bxe3 10.Qxe3 Nf6 11.O-O-O b5 12.f4 Nc6 13.Nxb5 Ng4 14.Qg3 axb5 15.Bxb5 Qb6
16.a4 Ke7 17.h3 Nf6 18.Bxc6 exf4 19.Qc3 Be6 20.a5 Qe3+ 21.Qxe3 fxe3 22.Bxa8 Rxa8
23.Nd4 Nxe4 24.Rde1 Kd7 25.b4 Nc3 26.Kb2 Nd5 27.c3 Rc8 28.Ne2 f5 29.Rd1 g5
30.h4 Nf4 31.Nd4 e2 32.Rd2 Bc4 33.hxg5 Re8 34.Rxh7+ Re7 35.Rxe7+ Kxe7 36.Nxe2 Nxe2
37.Rd1 Nf4 38.Rd4 Nd3+ 39.Kc2 Ne5 40.Kd2 d5 41.Rh4 Nc6 42.Rh7+ Kd6 43.Rh6+ Kd7
44.g6  1-0

[Event "ESP-chT"]
[Site "Salamanca"]
[Date "1998.??.??"]
[Round "6"]
[White "Vehi Bach, Victor Manuel"]
[Black "Ayza Ballester, Jordi"]
[Result "1-0"]
[WhiteElo "2390"]
[BlackElo "2290"]

1.e4 c5 2.Nf3 e6 3.d4 cxd4 4.Nxd4 a6 5.Bd3 g6 6.Nc3 Bg7 7.Nb3 Ne7 8.O-O d5
9.exd5 Nxd5 10.Nxd5 exd5 11.Re1+ Be6 12.Nc5 O-O 13.Nxe6 fxe6 14.Rxe6 Nc6
15.c3 Qd7 16.Re1 Rf7 17.Bg5 Raf8 18.Bh4 Be5 19.Re2 Qd6 20.Bg3 Bxg3 21.hxg3 Ne5
22.Be4 Rd7 23.Bc2 Rdf7 24.Bb3 Rd7 25.Rd2 Qf6 26.Qe2 Kg7 27.Rxd5 Re7 28.Rad1 Rfe8
29.R5d4 g5 30.Rd6 Nc6 31.Rxf6 Rxe2 32.Rf7+ Kh8 33.Rdd7  1-0

[Event "San Salvador-ch"]
[Site "San Salvador"]
[Date "1998.??.??"]
[Round "3.3"]
[White "Guevara Sanchez, Erick Marvin"]
[Black "Pineda, Boris"]
[Result "0-1"]
[WhiteElo "2140"]
[BlackElo "2295"]

1.e4 c5 2.Nf3 e6 3.d4 cxd4 4.Nxd4 a6 5.Bd3 Bc5 6.Nb3 Ba7 7.O-O Ne7 8.Bf4 Nbc6
9.Bd6 Bb8 10.Bxb8 Rxb8 11.f4 d5 12.e5 Qc7 13.c3 g6 14.N1d2 b5 15.a3 a5 16.Kh1 O-O
17.Qe2 Bd7 18.Nc5 Qa7 19.Nxd7 Qxd7 20.Bxb5 Qb7 21.Bxc6 Qxc6 22.Rab1 Nf5 23.Rfc1 Rfd8
24.b4 Qc7 25.Nf3 Qa7 26.Qd3 Rdc8 27.g4 Ne3 28.h3 Nc4 29.Nd4 Nxa3 30.Ra1 Nc4
31.b5 Qc7 32.Kg2 Ra8 33.h4 Qe7 34.Rh1 a4 35.Nc6 Qc5 36.h5 Rc7 37.Nd4 Nb2
38.Qc2 Qxd4 39.Qxb2 Rxc3  0-1

[Event "Santiago Esucomex op"]
[Site "Santiago"]
[Date "1998.??.??"]
[Round "7"]
[White "Rojas, Luis"]
[Black "Barria, Daniel"]
[Result "1/2-1/2"]
[WhiteElo "2455"]
[BlackElo "2365"]

1.e4 c5 2.Nf3 e6 3.d4 cxd4 4.Nxd4 a6 5.Bd3 Nf6 6.O-O d6 7.Kh1 Qc7 8.f4 Nbd7
9.a4 g6 10.f5 gxf5 11.exf5 e5 12.Ne6 fxe6 13.fxe6 Bg7 14.exd7+ Bxd7 15.Bg5 O-O
16.Nc3 Be6 17.Bf5 Qd7 18.Qd3 Bxf5 19.Rxf5 Ng4 20.Raf1 Rxf5 21.Rxf5 Rf8 22.Qc4+ Kh8
23.Rxf8+ Bxf8 24.h3 Nh6 25.Qh4 Ng8 26.Nd5 Qf7 27.c4 b5 28.axb5 axb5 29.Kh2 h6
30.Bd8 bxc4 31.Qxc4 Be7  1/2-1/2

[Event "GER-ch U20"]
[Site "Schierke"]
[Date "1998.??.??"]
[Round "9"]
[White "Buhmann, Rainer"]
[Black "Duppel, Matthias"]
[Result "1/2-1/2"]
[WhiteElo "2255"]
[BlackElo "2255"]

1.e4 c5 2.Ne2 e6 3.d4 cxd4 4.Nxd4 a6 5.Bd3 Qc7 6.Be3 Nf6 7.f4 d6 8.Nc3 Be7
9.Qe2 Nc6 10.Nb3 b5 11.a3 O-O 12.g4 Nd7 13.g5 Bb7 14.O-O Rfe8 15.Qh5 Bf8
16.Qg4 Rad8 17.a4 b4 18.Ne2 Na5 19.Nxa5 Qxa5 20.Nd4 Qc7 21.Nb3 g6 22.Qe2 Bg7
23.Rab1 Nc5 24.Nxc5 dxc5 25.b3 Bd4 26.Rf3 Rf8 27.Rbf1 f5 28.gxf6 Rxf6 29.Bxd4 Rxd4
30.Qe3 Kg7 31.Rg3 Rd8 32.Rg5 Rdf8 33.Rxc5 Qb6 34.a5 Qd8 35.Re5 Qd6 36.Qc5 Qd7
37.Qxb4 Rxf4 38.Rxf4 Rxf4 39.Qc3 Rg4+ 40.Kf2 Kg8 41.Kf3 Rh4 42.Kg3 Qf7 43.Qd2 Qc7
44.Kxh4 Qxe5 45.h3 Bxe4 46.Qg5 Qd4 47.Qf4 Qd8+ 48.Qg5  1/2-1/2

[Event "Solin"]
[Site "Solin"]
[Date "1998.??.??"]
[Round "3"]
[White "Ljubicic, Filip"]
[Black "Cvorovic, Drazen"]
[Result "0-1"]
[WhiteElo "2385"]
[BlackElo "2430"]

1.e4 c5 2.Nf3 e6 3.d4 cxd4 4.Nxd4 a6 5.Bd3 Ne7 6.O-O Nbc6 7.Be3 d6 8.Nd2 Ng6
9.Nc4 Be7 10.a4 Nce5 11.a5 Nxc4 12.Bxc4 O-O 13.Bb3 Bf6 14.c3 Bd7 15.Qd2 Qe7
16.Ne2 Bc6 17.Ng3 Rad8 18.f4 Bh4 19.Bb6 Rd7 20.Rae1 Rc8 21.f5 Bxg3 22.hxg3 Ne5
23.c4 Kh8 24.Qe3 exf5 25.exf5 f6 26.Bd4 Qf7 27.c5 Bd5 28.Bxd5 Qxd5 29.cxd6 Rc2
30.Qe4 Qxe4 31.Rxe4 Rxd6 32.Bc3 h5 33.Rh4 Ng4 34.Rxh5+ Kg8 35.Re1 Rd3 36.Bb4 Ne3
37.Rh4 Rxg2+ 38.Kh1 Rxb2 39.Rf4  0-1

[Event "Petrov mem"]
[Site "St Petersburg"]
[Date "1998.??.??"]
[Round "2"]
[White "Sinkevich, Petr"]
[Black "Volzhin, Alexander"]
[Result "0-1"]
[WhiteElo "2215"]
[BlackElo "2510"]

1.e4 c5 2.Nf3 e6 3.d4 cxd4 4.Nxd4 a6 5.Bd3 Nf6 6.O-O d6 7.Kh1 g6 8.Bg5 Bg7
9.f4 Qb6 10.Nc3 Qxd4 11.e5 dxe5 12.fxe5 Qxe5 13.Bxf6 Bxf6 14.Qf3 Nd7 15.Rae1 Qh5
16.g4 Qh4 17.Nd5 O-O 18.Nxf6+ Nxf6 19.Qxf6 Qxf6 20.Rxf6 Bd7 21.Kg2 Rac8 22.Re5 Kg7
23.g5 h6 24.h4 hxg5 25.hxg5 Rh8 26.Rf4 Bc6+ 27.Kg3 Rh1 28.Rh4 Rg1+ 29.Kf2 Rg2+
30.Kf1 Rh8 31.Rxh8 Kxh8 32.a4 Rg4 33.a5 Kg7 34.Rc5 Kf8 35.c3 Ke7 36.b4 Kd6
37.Ke1 Bd5 38.Be2 Rxg5 39.c4 Rg1+ 40.Kf2 Rg2+ 41.Kf1 Be4 42.Rc8 Rg3 43.Kf2 Ra3
44.c5+ Ke5 45.c6 Bxc6 46.Bxa6 bxa6 47.Rxc6 Rb3 48.Rxa6 Rxb4 49.Ra7 f5 50.a6 Ra4
51.Ra8 g5 52.a7 Kf4  0-1

[Event "Petrov mem"]
[Site "St Petersburg"]
[Date "1998.??.??"]
[Round "2"]
[White "Kharitonov, Sergei"]
[Black "Karasev, Vladimir I"]
[Result "0-1"]
[WhiteElo "2125"]
[BlackElo "2370"]

1.e4 c5 2.Nf3 e6 3.d4 cxd4 4.Nxd4 a6 5.Bd3 Bc5 6.Nb3 Ba7 7.c4 Nc6 8.O-O Nf6
9.Nc3 Qc7 10.Be2 Qe5 11.Nd2 Nd4 12.Bd3 b5 13.Kh1 g5 14.b4 h5 15.Bb2 Ng4 16.g3 Qf6
17.Kg2 Ne5 18.Nb3 bxc4 19.Nxd4 Nxd3 20.Nf5 Nxb2 21.Qd6 Bb7 22.Qc7 exf5 23.Qxb7 Qc6  0-1

[Event "Petrov mem"]
[Site "St Petersburg"]
[Date "1998.??.??"]
[Round "4"]
[White "Zagrebelny, Sergey"]
[Black "Karasev, Vladimir I"]
[Result "1-0"]
[WhiteElo "2485"]
[BlackElo "2370"]

1.e4 c5 2.Nf3 e6 3.d4 cxd4 4.Nxd4 a6 5.Bd3 Nc6 6.Nxc6 bxc6 7.O-O d6 8.f4 Nf6
9.Kh1 e5 10.fxe5 Ng4 11.exd6 Qh4 12.Bf4 Nf2+ 13.Rxf2 Qxf2 14.Bg3 Qc5 15.e5 g6
16.Qf3 Bf5 17.Bxf5 gxf5 18.Nc3 Rd8 19.Qxf5 Bg7 20.Ne4 Qc4 21.Qg4 Kf8 22.Bh4 Rb8
23.Be7+  1-0